• 首页
  • 本馆介绍
  • 公告通知
  • 最新文献
  • 馆藏检索
  • 电子资源
  • 读者导购
  • 参考咨询
  • 我的图书馆
  • 登录
  • 详细信息显示
  • 放入我的书架
  • 预约/预借图书
  • 作者相关作品
  • 分类相关作品
  • 丛书相关作品
  • 出版社相关作品

书目信息

  • 表格格式
  • 工作单格式
  • 卡片格式
题名:
启发式教学的智慧
    
 
作者: 石长青 主编
分册:  
出版信息: 兰州   敦煌文艺出版社  2022.12
页数: 280页
开本: 21cm
丛书名:
单 册:
中图分类: G426
科图分类:
主题词: 启发式教学
电子资源:
ISBN: 978-7-5468-1960-0
000 00829nam0 2200241 450
001 012001001195
005 20141202124015.0
010    @a978-7-5468-1960-0@dCNY46.00
100    @a20220905d2020 em y0chiy50 ea
101 0  @achi
102    @aCN@b620000
105    @ay z 000yy
106    @ar
200 1  @a启发式教学的智慧@Aqi fa shi jiao xue de zhi hui@f石长青主编
210    @a兰州@c敦煌文艺出版社@d2022.12
215    @a280页@d21cm
300    @a甘肃省教育科学“十二五”规划课题“学科教学启发式教学模式实验研究”成果
330    @a本书分九章,内容包括:问题的提出、课题研究的主要理论依据、课题研究的目标主要内容及对象、课题研究意义和方法、课题研究的基本过程等。
606 0  @a启发式教学
690    @aG426@v5
701  0 @a石长青@Ashi chang qing@4主编
801  0 @aCN@bAHXH@c20221111
905    @b1370616-20@dG426@e541@f5
    
    启发式教学的智慧/石长青主编.-兰州:敦煌文艺出版社,2022.12
    280页;21cm
    甘肃省教育科学“十二五”规划课题“学科教学启发式教学模式实验研究”成果
    
    ISBN 978-7-5468-1960-0:CNY46.00
    本书分九章,内容包括:问题的提出、课题研究的主要理论依据、课题研究的目标主要内容及对象、课题研究意义和方法、课题研究的基本过程等。
●
相关链接 在E读中查询图书 在五车中查询图书 在当当中查询图书 在豆瓣中查询图书


正题名:启发式教学的智慧     索取号:G426/541         预约/预借

序号 登录号 条形码 馆藏地/架位号 状态 备注
1 1370616   213706168   第一样本阅览室/ [索取号:G426/541] 在馆    
2 1370617   213706177   教育系资料室/ [索取号:G426/541] 在馆    
3 1370618   213706186   教育系资料室/ [索取号:G426/541] 在馆    
4 1370619   213706195   第四借阅区/ [索取号:G426/541] 在馆    
5 1370620   213706202   第四借阅区/ [索取号:G426/541] 在馆    
6 1400625   214006252   第一借阅区/ [索取号:G426/541] 在馆    
7 1400626   214006261   第四借阅区/ [索取号:G426/541] 在馆    
8 1400627   214006270   第四借阅区/ [索取号:G426/541] 在馆    
9 1400628   214006289   第四借阅区/ [索取号:G426/541] 在馆    
唐山师范学院图书馆 欢迎您!
大连网信软件有限公司© 版权所有